Southville International School and Colleges
Your cart is empty.
  • Cart
  • Lists
    Public lists Eva Luna New books Lux_list list_1
    Your lists Log in to create your own lists
  • Log in to your account
  • Your cookies
  • Search history
Southville International School and Colleges
  • Advanced search
  • Recent comments
  • Most popular
  • Libraries

Log in to your account

Log in with GOOGLE


If you do not have an external account, but do have a local account, you can still log in:

  1. Home
  2. MARC view: Change of heart /
Normal view MARC view ISBD view

Change of heart / (Record no. 11299)

[ view plain ]
MARC details
000 -LEADER
fixed length control field 01248cam a2200337 a 4500
001 - CONTROL NUMBER
control field 14983676
003 - CONTROL NUMBER IDENTIFIER
control field LC
005 - DATE AND TIME OF LATEST TRANSACTION
control field 20160314101620.0
008 - FIXED-LENGTH DATA ELEMENTS--GENERAL INFORMATION
fixed length control field 070828s2008 nyu 000 1 eng
010 ## - LIBRARY OF CONGRESS CONTROL NUMBER
LC control number 2007035721
020 ## - INTERNATIONAL STANDARD BOOK NUMBER
International Standard Book Number 9780743496742
020 ## - INTERNATIONAL STANDARD BOOK NUMBER
International Standard Book Number 0743496744
040 ## - CATALOGING SOURCE
Original cataloging agency DLC
Transcribing agency DLC
Modifying agency DLC
050 00 - LIBRARY OF CONGRESS CALL NUMBER
Classification number PS 3566 .I372
Item number .P599 2008
082 00 - DEWEY DECIMAL CLASSIFICATION NUMBER
Classification number FIC
Item number P58c 2008
100 1# - MAIN ENTRY--PERSONAL NAME
Personal name Picoult, Jodi,
Dates associated with a name 1966-
9 (RLIN) 19735
245 10 - TITLE STATEMENT
Title Change of heart /
Statement of responsibility, etc Jodi Picoult.
250 ## - EDITION STATEMENT
Edition statement 1st Atria Books hardcover ed.
260 ## - PUBLICATION, DISTRIBUTION, ETC. (IMPRINT)
Place of publication, distribution, etc New York, NY :
Name of publisher, distributor, etc Atria Books,
Date of publication, distribution, etc c2008.
300 ## - PHYSICAL DESCRIPTION
Extent 447 p. :
Dimensions 25 cm.
650 #0 - SUBJECT ADDED ENTRY--TOPICAL TERM
Topical term or geographic name as entry element Murderers
Form subdivision Fiction.
9 (RLIN) 19736
650 #0 - SUBJECT ADDED ENTRY--TOPICAL TERM
Topical term or geographic name as entry element Transplantation of organs, tissues, etc.
Form subdivision Fiction.
9 (RLIN) 19737
650 #0 - SUBJECT ADDED ENTRY--TOPICAL TERM
Topical term or geographic name as entry element Repentance
Form subdivision Fiction.
9 (RLIN) 19738
856 42 - ELECTRONIC LOCATION AND ACCESS
Materials specified Publisher description
Uniform Resource Identifier <a href="http://www.loc.gov/catdir/enhancements/fy0804/2007035721-d.html">http://www.loc.gov/catdir/enhancements/fy0804/2007035721-d.html</a>
856 41 - ELECTRONIC LOCATION AND ACCESS
Materials specified Sample text
Uniform Resource Identifier <a href="http://www.loc.gov/catdir/enhancements/fy0808/2007035721-s.html">http://www.loc.gov/catdir/enhancements/fy0808/2007035721-s.html</a>
856 42 - ELECTRONIC LOCATION AND ACCESS
Materials specified Contributor biographical information
Uniform Resource Identifier <a href="http://www.loc.gov/catdir/enhancements/fy0901/2007035721-b.html">http://www.loc.gov/catdir/enhancements/fy0901/2007035721-b.html</a>
906 ## - LOCAL DATA ELEMENT F, LDF (RLIN)
a 7
b cbc
c orignew
d 1
e ecip
f 20
g y-gencatlg
942 ## - ADDED ENTRY ELEMENTS (KOHA)
Source of classification or shelving scheme Library of Congress Classification
Koha item type Books
Holdings
Withdrawn status Lost status Source of classification or shelving scheme Damaged status Home library Current library Shelving location Date acquired Source of acquisition Total Checkouts Full call number Barcode Date last seen Date checked out Copy number Price effective from Koha item type
    Library of Congress Classification   Luxembourg Library Luxembourg Library Fiction Section 09/14/2013 Donation 1 PS 3566 .I372 .P599 2008 15952 05/12/2014 05/05/2014 1 09/14/2013 Books

Change of heart /

APA

Picoult J., . (2008). Change of heart. New York, NY: Atria Books.

Chicago

Picoult Jodi, . 2008. Change of heart. New York, NY: Atria Books.

Harvard

Picoult J., . (2008). Change of heart. New York, NY: Atria Books.

MLA

Picoult Jodi, . Change of heart. New York, NY: Atria Books. 2008.

  • Place hold
  • Print
  • Cite
  • Add to your cart (remove)
  • Save record
    BIBTEX Dublin Core MARCXML MARC (non-Unicode/MARC-8) MARC (Unicode/UTF-8) MARC (Unicode/UTF-8, Standard) MODS (XML) RIS
  • More searches
    Search for this title in:
    Other Libraries (WorldCat) Other Databases (Google Scholar) Online Stores (Bookfinder.com) Open Library (openlibrary.org)

Exporting to Dublin Core...

SOUTHVILLE LIBRARY

Southville International School and Colleges Library

1281 Tropical Ave. Cor. Luxembourg St., BF Homes International, Las Pinas City

Tel. No. 8256374 / 252358 Loc. 117/146

Powered by Koha